Normal view
MARC view
- Wang, Junhua.
Entry Personal Name
001 - CONTROL NUMBER
- control field: 56843
003 - CONTROL NUMBER IDENTIFIER
- control field: OSt
005 - DATE AND TIME OF LATEST TRANSACTION
- control field: 20240426141054.0
008 - FIXED-LENGTH DATA ELEMENTS
- fixed length control field: 240426|| aca||aabn | a|a d
040 ## - CATALOGING SOURCE
- Original cataloging agency: OSt
- Transcribing agency: OSt
100 ## - HEADING--PERSONAL NAME
- Personal name: Wang, Junhua.
- Relator term: author.
670 ## - SOURCE DATA FOUND
- Source citation: Work cat.: (OSt): Dai, Zhongyu. author. 56842, A dual-frequency WPT based on multilayer self-decoupled compact coil and dual CLCL hybrid compensation topology /, November 2022.
